Swansea City Biggest Transfers - Statistics

General Stats
  • This quiz has been taken 41 times
    4 since last reset
  • The average score is 72 of 101
Answer Stats
% Correct
Arrivals Ireland ST 24 Adam Idah 25/26 Celtic €6.90m
100%
Arrivals Italy ST 26 Alberto Paloschi 15/16 Chievo Verona €8.80m
100%
Departures Italy ST 26 Alberto Paloschi 16/17 Atalanta €6.70m
100%
Arrivals England CB 22 Alfie Mawson 16/17 Barnsley €5.90m
100%
Departures England CB 24 Alfie Mawson 18/19 Fulham €16.85m
100%
Arrivals Ghana ST 28 André Ayew 17/18 West Ham United €22.80m
100%
Departures Ghana LW 26 André Ayew 16/17 West Ham United €24.10m
100%
Departures Ghana ST 28 André Ayew 18/19 Fenerbahçe €1.50m
100%
Arrivals Spain ST 23 Borja Bastón 16/17 Atlético Madrid €18.00m
100%
Arrivals England ST 25 Danny Graham 11/12 Watford €3.90m
100%
Departures England ST 27 Danny Graham 12/13 Sunderland €5.80m
100%
Arrivals Portugal ST 27 Eder 15/16 Braga €6.70m
100%
Departures Portugal ST 28 Eder 16/17 Lille €4.50m
100%
Arrivals Argentina CB 25 Federico Fernández 14/15 Napoli €10.00m
100%
Departures Argentina CB 29 Federico Fernández 18/19 Newcastle United €6.70m
100%
Arrivals Spain ST 31 Fernando Llorente 16/17 Sevilla €5.90m
100%
Departures Spain ST 32 Fernando Llorente 17/18 Tottenham Hotspur €15.10m
100%
Arrivals Iceland AM 24 Gylfi Sigurðsson 14/15 Tottenham Hotspur €10.10m
100%
Departures Iceland AM 27 Gylfi Sigurðsson 17/18 Everton €49.40m
100%
Arrivals England DM 25 Jack Cork 14/15 Southampton €4.00m
100%
Departures England DM 28 Jack Cork 17/18 Burnley €9.10m
100%
Arrivals Ecuador LW 24 Jefferson Montero 14/15 Monarcas Morelia €5.00m
100%
Arrivals Netherlands ST 21 Joël Piroe 21/22 PSV €1.17m
100%
Departures Netherlands ST 24 Joël Piroe 23/24 Leeds United €14.00m
100%
Arrivals England CM 21 Jonjo Shelvey 13/14 Liverpool €5.80m
100%
Departures England CM 23 Jonjo Shelvey 15/16 Newcastle United €16.00m
100%
Arrivals Ghana ST 25 Jordan Ayew 16/17 Aston Villa €5.80m
100%
Departures Ghana ST 27 Jordan Ayew 19/20 Crystal Palace €2.80m
100%
Arrivals South Korea DM 23 Ki Sung-yueng 12/13 Celtic €7.00m
100%
Arrivals England RB 26 Kyle Naughton 14/15 Tottenham Hotspur €6.60m
100%
Arrivals Netherlands CM 26 Leroy Fer 16/17 Queens Park Rangers €5.60m
100%
Arrivals Netherlands RW 26 Luciano Narsingh 16/17 PSV €4.60m
100%
Arrivals Spain SS 26 Michu 12/13 Rayo Vallecano €2.57m
100%
Departures Spain SS 28 Michu 14/15 Napoli €1.25m
100%
Arrivals Spain AM 27 Pablo Hernández 12/13 Valencia €7.00m
100%
Departures Spain AM 29 Pablo Hernández 14/15 Al-Arabi €5.00m
100%
Arrivals Portugal CM 20 Renato Sanches 17/18 Bayern Munich €8.50m
100%
Arrivals Spain CM 28 Roque Mesa 17/18 Las Palmas €12.50m
100%
Departures Spain CM 29 Roque Mesa 18/19 Sevilla €6.00m
100%
Arrivals England CM 26 Sam Clucas 17/18 Hull City €16.30m
100%
Departures England CM 27 Sam Clucas 18/19 Stoke City €6.70m
100%
Arrivals England CM 24 Tom Carroll 16/17 Tottenham Hotspur €5.20m
100%
Arrivals Ivory Coast ST 24 Wilfried Bony 13/14 Vitesse €16.00m
100%
Arrivals Ivory Coast ST 28 Wilfried Bony 17/18 Manchester City €13.00m
100%
Departures Ivory Coast ST 26 Wilfried Bony 14/15 Manchester City €32.30m
100%
Arrivals Spain ST 22 Álvaro Vázquez 13/14 Getafe €1.20m
50%
Departures Wales CB 31 Ashley Williams 16/17 Everton €14.00m
50%
Departures France ST 31 Bafétimbi Gomis 17/18 Galatasaray €2.50m
50%
Departures Wales LB 21 Ben Davies 14/15 Tottenham Hotspur €12.65m
50%
Arrivals Kosovo AM 21 Bersant Celina 18/19 Manchester City €3.40m
50%
Departures Kosovo AM 24 Bersant Celina 20/21 Dijon €3.00m
50%
Arrivals Spain CB 25 Chico Flores 12/13 Genoa €2.50m
50%
Departures Spain CB 27 Chico Flores 14/15 Lekhwiya €5.00m
50%
Departures Wales RB 25 Connor Roberts 21/22 Burnley €2.90m
50%
Arrivals Scotland ST 25 Craig Beattie 09/10 West Bromwich Albion €2.10m
50%
Departures Wales RW 21 Daniel James 19/20 Manchester United €17.80m
50%
Arrivals South Korea LW 22 Eom Ji-sung 24/24 Gwangju €1.10m
50%
Arrivals Northern Ireland CM 24 Ethan Galbraith 25/26 Leyton Orient €1.50m
50%
Arrivals France RW 23 Florian Bianchini 24/25 Bastia €2.38m
50%
Arrivals England DM 22 Flynn Downes 21/22 Ipswich Town €1.70m
50%
Departures England DM 23 Flynn Downes 22/23 West Ham United €10.65m
50%
Arrivals France LB 26 Franck Tabanou 15/16 Saint-Étienne €4.90m
50%
Arrivals Portugal CM 23 Gonçalo Franco 24/25 Moreirense €2.10m
50%
Arrivals England CB 22 Harry Darling 22/23 Milton Keynes Dons €2.30m
50%
Departures Jamaica RW 27 Jamal Lowe 21/22 Bournemouth €1.70m
50%
Arrivals England ST 26 Jerry Yates 23/24 Blackpool €2.80m
50%
Departures England ST 28 Jerry Yates 25/26 Luton Town €1.15m
50%
Departures Wales CM 22 Joe Allen 12/13 Liverpool €19.00m
50%
Arrivals Sweden RW 19 Joel Asoro 18/19 Sunderland €2.30m
50%
Departures Wales CB 22 Joe Rodon 20/21 Tottenham Hotspur €12.10m
50%
Arrivals Indonesia CB 21 Jordi Amat 13/14 Espanyol €2.90m
50%
Departures Indonesia CB 26 Jordi Amat 18/19 Rayo Vallecano €1.00m
50%
Arrivals England LB 24 Josh Tymon 23/24 Stoke City €2.20m
50%
Arrivals England CB 21 Kyle Bartley 12/13 Arsenal €1.30m
50%
Departures England CB 27 Kyle Bartley 18/19 West Bromwich Albion €4.50m
50%
Arrivals England ST 26 Leroy Lita 11/12 Middlesbrough €2.00m
50%
Departures Poland GK 33 Łukasz Fabiański 18/19 West Ham United €8.00m
50%
Arrivals Sweden LB 28 Martin Olsson 16/17 Norwich City €4.60m
50%
Arrivals Netherlands ST 26 Marvin Emnes 14/15 Middlesbrough €1.70m
50%
Arrivals England DM 19 Matt Grimes 14/15 Exeter City €2.24m
50%
Departures England DM 29 Matt Grimes 24/25 Coventry City €4.00m
50%
Arrivals Sweden CM 22 Melker Widell 24/25 Aalborg €3.35m
50%
Arrivals Ireland ST 21 Michael Obafemi 21/22 Southampton €2.00m
50%
Departures Ireland ST 22 Michael Obafemi 23/24 Burnley €4.00m
50%
Arrivals Netherlands GK 27 Michel Vorm 11/12 Utrecht €1.70m
50%
Departures Netherlands GK 30 Michel Vorm 14/15 Tottenham Hotspur €5.70m
50%
Arrivals Netherlands CB 23 Mike van der Hoorn 16/17 Ajax €2.50m
50%
Arrivals Gambia RW 21 Modou Barrow 14/15 Östersunds €1.89m
50%
Departures Gambia RW 24 Modou Barrow 17/18 Reading €1.70m
50%
Departures England ST 22 Morgan Whittaker 23/24 Plymouth Argyle €1.15m
50%
Arrivals Ukraine ST 22 Mykola Kukharevych 23/24 Troyes €2.00m
50%
Departures England CB 22 Nathan Wood 24/25 Southampton €3.50m
50%
Departures Scotland ST 23 Oli McBurnie 19/20 Sheffield United €19.10m
50%
Arrivals Brazil RW 22 Ronald 23/24 Grêmio Anápolis €1.50m
50%
Departures England LW 23 Scott Sinclair 12/13 Manchester City €7.80m
50%
Departures Scotland LB 23 Stephen Kingsley 17/18 Hull City €3.30m
50%
Arrivals England LW 26 Wayne Routledge 11/12 Newcastle United €3.25m
50%
Arrivals Sweden LW 23 Zeidane Inoussa 25/26 Häcken €6.00m
50%
Departures Wales CB 21 Chris Coleman 91/92 Crystal Palace €1.31m
0%
Departures Trinidad & Tobago ST 30 Jason Scotland 09/10 Wigan Athletic €2.30m
0%
Departures England ST 30 Lee Trundle 07/08 Bristol City €1.50m
0%
No matching quizzes found
Score Distribution
Percent of People with Each Score
Percentile by Number Answered
Your Score History
You have not taken this quiz since the last reset